Analysis of lipids /

Guardado en:
Otros Autores: Mukherjee, Kumar D. (Editor , ed.), Weber, Nikolaus., (Editor , ed.)
Formato: Libro
Idioma:English
Publicado: Boca Raton : CRC Press, c1993.
Series:CRC series in chromatography
CRC handbook of chromatography
Materias:
Etiquetas: Agregar Etiqueta
Sin Etiquetas, Sea el primero en etiquetar este registro!
LEADER 01080pam a22002895a 4500
001 EIQ.libpla003081
008 920825s1993####flua#####bf###001#0#eng#d
005 20071016180137.0
245 0 0 |a Analysis of lipids /  |c editors, Kumar D. Mukherjee, Nikolaus Weber. 
260 |a Boca Raton :  |b CRC Press,  |c c1993. 
300 |a 519 p. :  |b ill ;  |c 27 cm. 
440 0 |a CRC series in chromatography 
440 0 |a CRC handbook of chromatography 
504 |a Incluye referrencias bibliográficas e índice. 
020 |a 0849330394 (acid-free paper) 
700 1 |a Mukherjee, Kumar D.  |q (Kumar Deb),  |e ed.  |4 edt 
700 1 |a Weber, Nikolaus.,  |e ed.  |4 edt 
082 0 0 |a 547.7/7046  |2 20 
650 4 |a Lipidos  |x Handbooks, manuales, etc. 
650 4 |a Lipidos  |x Análisis. 
650 4 |a Análisis cromatográfico  |x Handbooks, manuales, etc. 
650 4 |a Lipids  |x Handbooks, manuals, etc. 
650 4 |a Lipids  |x Analysis. 
650 0 |a Chromatographic analysis  |x Handbooks, manuals, etc. 
010 |a  92032889  
040 |a DLC  |c DLC  |d AR-BbSID 
859 |a AR-BbSID  |b BIB. PLAPIQUI  |h 547.770 46  |i An 13  |p 4498